[Event "C.to Cittadino La Lupa"]
[Site "Roma ITA"]
[Date "2011.06.16"]
[Round "7"]
[White "Tosi, Francesco"]
[Black "Vannelli, Vittorio"]
[Result "1-0"]
[WhiteElo "1889"]
[BlackElo "1798"]
[PlyCount "80"]
[EventDate "2011.05.05"]

1. e4 c5 2. c3 Nf6 3. e5 Nd5 4. g3 d6 5. exd6 exd6 6. Bg2 Nb6 7. Ne2 Be7 8. O-O
O-O 9. a4 Nc6 10. d4 cxd4 11. cxd4 Bg4 12. a5 Nc4 13. a6 d5 14. b3 Nb6 15. f3
Bf5 16. axb7 Rb8 17. Bf4 Bd6 18. Qc1 Qd7 19. Bxd6 Qxd6 20. Qc5 Qxc5 21. dxc5
Nd7 22. Nbc3 Bd3 23. Rfd1 Nxc5 24. Nf4 Rxb7 25. Nxd3 Nxd3 26. Rxd3 Rxb3 27. f4
Nb4 28. Rf3 Nc2 29. Rb1 Rxb1+ 30. Nxb1 Rb8 31. Na3 Nd4 32. Re3 Kf8 33. Bxd5 Rb2
34. Nc4 Rb1+ 35. Kg2 h5 36. Nd6 Rb2+ 37. Kh3 g6 38. Bxf7 Nf5 39. Nxf5 Kxf7 40.
Nd6+ Kf6 1-0

[Event "C.to Cittadino La Lupa"]
[Site "Roma ITA"]
[Date "2011.06.16"]
[Round "7"]
[White "Zarfati, Daniele"]
[Black "Tamburrini, Andrea"]
[Result "1-0"]
[WhiteElo "1600"]
[BlackElo "1472"]
[PlyCount "31"]
[EventDate "2011.05.05"]

1. d4 d5 2. c4 e6 3. Nc3 Bb4 4. Nf3 Bxc3+ 5. bxc3 Nf6 6. Bf4 Nc6 7. e3 O-O 8.
Bd3 Bd7 9. c5 Na5 10. Qb1 Bc6 11. Ne5 Qe8 12. Nxc6 Qxc6 13. Bb5 Ne4 14. Bxc6
Nxc3 15. Qb4 Nxc6 16. Qxc3 1-0